01499nam a22001937a 4500003000900000005001700009007000300026008003900029020001800068040002500086100002600111245011800137260005100255300002900306500006800335505083300403700003301236700003601269DO-SdBNP20220126144202.0ta210716b 2018 dr a 00| 0 eng d a9789945169058 aDO-SdBNPbspacBNPHU1 aRodríguez, Aurín 10aAdministrando sabiamente nuestras finanzas /cAurín Rodríguez ; prólogos Caonex Peguero, Adrián Guzmán. aSanto Domingo : bDiez Veces Mas Group,c2018. a142 p. :bil. ;c21 cm.  aIncluye datos biográficos de la autora en la contracubierta.0 aPalabras de la autora, 7.-- Agradecimientos, 9.-- Prólogo / Caonex Peguero, 11.-- Prólogo / Adrián Guzmán, 13.-- Introducción, 15.-- Prosperador por obediencia, 21.-- Prosperados con propósito, 25.-- Conceptos básicos de mayordomía financiera, 29.-- Cinco características de un buen mayordomo, 35.-- Cómo los buenos mayordomos ponen los bienes a producir, 43.-- ¿Cómo iniciar mi presupuesto?, 53.-- ¿Qué pasa con mi dinero?, 59.-- El ahorro, 67.-- Invierte los beneficios obtenidos de los ahorros, 79.-- Las deudas, 87.-- Nuestra actitud hacia los necesitados, 95.-- Cómo ayudar a otros a prosperar en Dios, 103.-- La generosidad y el amor preparan el espacio para lo que esperas, 107.-- Cuando seas prosperado por Dios, 117.-- Finanzas en pareja, 123.-- ¿Cuánto dinero puedo llegar a tener?, 139.1 aPeguero, Caonex, eprólogo1 aGuzmán, Adrián, eprólogo